| 000 | 00515nam a2200181Ia 4500 | ||
|---|---|---|---|
| 008 | 240925s9999 xx 000 0 und d | ||
| 020 | _a24034509 | ||
| 082 | _a004.16 ROO | ||
| 100 | _aRooney ,Victor M. | ||
| 245 | 0 | _aMicroprocessors and Microcomputers | |
| 250 | _aNA | ||
| 260 |
_aCalifornia: _bBrooks/Cole Cengagae Learning _c,1984. |
||
| 300 |
_axv,378l.p. _bNA _fOriginal |
||
| 500 | _aIncludes Index | ||
| 600 | _aComputer Science | ||
| 650 | _aComputer science, information & general works | ||
| 942 | _cBK | ||
| 999 |
_c3172 _d3172 |
||